<?xml version="1.0" encoding="UTF-8"?>
<collection xmlns="http://www.loc.gov/MARC21/slim">
 <record>
  <leader>02255nam a2200289 a 4500</leader>
  <controlfield tag="001">1/51310</controlfield>
  <controlfield tag="008">051123s2005    lu  u pdd     0    0gre  </controlfield>
  <datafield tag="020" ind1=" " ind2=" ">
   <subfield code="a">92-894-8862-X</subfield>
  </datafield>
  <datafield tag="022" ind1="0" ind2=" ">
   <subfield code="a">1016-8060 (print)</subfield>
  </datafield>
  <datafield tag="022" ind1="0" ind2=" ">
   <subfield code="a">1725-3187 (online)</subfield>
  </datafield>
  <datafield tag="024" ind1="0" ind2=" ">
   <subfield code="a">ECFIN/006920/05-EN</subfield>
  </datafield>
  <datafield tag="035" ind1=" " ind2=" ">
   <subfield code="l">33191</subfield>
  </datafield>
  <datafield tag="040" ind1=" " ind2=" ">
   <subfield code="a">GR-PeUP</subfield>
  </datafield>
  <datafield tag="041" ind1="0" ind2=" ">
   <subfield code="a">eng</subfield>
  </datafield>
  <datafield tag="099" ind1=" " ind2="0">
   <subfield code="a">ΚΕΤ Αλφαβητική σειρά</subfield>
  </datafield>
  <datafield tag="100" ind1="1" ind2=" ">
   <subfield code="a">Flores, Elena.</subfield>
  </datafield>
  <datafield tag="245" ind1="1" ind2="4">
   <subfield code="a">The flamework for fiscal policy in EMU :</subfield>
   <subfield code="b">what future after five years of experience /</subfield>
   <subfield code="c">Elena Flores, Gabriele Giudice and Alessandro.</subfield>
  </datafield>
  <datafield tag="260" ind1=" " ind2=" ">
   <subfield code="a">Brussels ;</subfield>
   <subfield code="a">Belgium :</subfield>
   <subfield code="b">European Commission: Directorate-General for Economic and Financial Affairs,</subfield>
   <subfield code="c">2005.</subfield>
  </datafield>
  <datafield tag="300" ind1=" " ind2=" ">
   <subfield code="a">24 σ. ;</subfield>
   <subfield code="c">30 εκ.</subfield>
  </datafield>
  <datafield tag="520" ind1=" " ind2=" ">
   <subfield code="a">This paper reviews the first five years of experience with the working of the EMU framework for fiscal policy in EMU. It is argued that the balance with the fiscal framework of EMU so far is mixed. The EMU framework has contributed to avoid large fiscal imbalances in EU Member States and has evolved continuously to deal with a number of budgetary challenges connected to the conduct of fiscal policy and the assessment of budgetary developments in the short, medium and long run. However, problems with the implementations of the rules have emerged, and the ownership of the framework should be re-established. We argue in favour of further improvements within the framework of the Treaty along the following directions: •	 increased focus on debt and sustainability; •	better account of country-specific factors in the definition of medium-term targets; •	better enforcement of the rules; •	improved implementation of the excessive deficit procedure; •	greater account of the Lisbon goals in applying the EMU framework for economic policy co-ordination and budgetary surveillance.</subfield>
  </datafield>
  <datafield tag="580" ind1=" " ind2=" ">
   <subfield code="a">Economic Papers</subfield>
  </datafield>
  <datafield tag="700" ind1="1" ind2=" ">
   <subfield code="a">Giudice, Gabriele.</subfield>
  </datafield>
  <datafield tag="710" ind1="2" ind2=" ">
   <subfield code="a">European Commission : Directorate-General for Economic and Financial Affairs.</subfield>
  </datafield>
  <datafield tag="773" ind1="0" ind2=" ">
   <subfield code="a">Economic papers</subfield>
   <subfield code="g">March 2005, No 223.</subfield>
  </datafield>
  <datafield tag="830" ind1=" " ind2=" ">
   <subfield code="a">European Economy. Economic papers ;</subfield>
   <subfield code="v">223.</subfield>
  </datafield>
  <datafield tag="852" ind1=" " ind2=" ">
   <subfield code="a">INST</subfield>
   <subfield code="b">UNIPILB</subfield>
   <subfield code="c">KET</subfield>
   <subfield code="e">20090311</subfield>
   <subfield code="p">EEEP 223</subfield>
   <subfield code="q">EEEP 223</subfield>
   <subfield code="t">NOLOAN</subfield>
   <subfield code="y">23</subfield>
   <subfield code="4">1</subfield>
  </datafield>
  <datafield tag="856" ind1="4" ind2="1">
   <subfield code="u">http://ec.europa.eu/economy_finance/publications/publication_summary710_en.htm</subfield>
  </datafield>
 </record>
</collection>
